Vista normal Vista MARC

Entrada Personal Name

Número de registros utilizados en: 1

001 - CONTROL NUMBER

  • control field: 37772

003 - CONTROL NUMBER IDENTIFIER

  • control field: OSt

005 - DATE AND TIME OF LATEST TRANSACTION

  • control field: 20210521121156.0

008 - FIXED-LENGTH DATA ELEMENTS

  • fixed length control field: 210521|| aca||aabn | a|a d

040 ## - CATALOGING SOURCE

  • Original cataloging agency: OSt
  • Transcribing agency: OSt

100 ## - HEADING--PERSONAL NAME

  • Personal name: Pacheco C., Gustavo

670 ## - SOURCE DATA FOUND

  • Source citation: Work cat.: (OSt)11774: Colombia. Cámara de Comercio de Barranquilla 37769, La economia de Barranquilla en la decada de los ochentas, 1990.